Biblioteca

La antropología cultural y la institucional matrimonial (Registro nro. 69673)

Detalles MARC
000 -LÍDER
Campo fijo de descripción fija 01407nab a2200217 i 4500
001 - NÚMERO DE CONTROL
Campo de control 768714001
003 - IDENTIFICADOR DEL NÚMERO DE CONTROL
Campo de control CO-MdFUSB
005 - FECHA Y HORA DE LA ULTIMA TRANSACCIÓN
control field 20240514112757.0
008 - ELEMENTOS DE LONGITUD FIJA -- INFORMACIÓN GENERAL
Campo fijo de descripción fija -- Información general 240510t1970 sp ||||| |||| 00| 0 spa d
040 ## - FUENTE DE CATALOGACIÓN
Idioma de catalogación spa
Agencia que realiza la transcripción CO-MdFUSB
Agencia que realiza la modificación CO-MdFUSB
041 ## - CÓDIGO DE IDIOMA
Código de idioma para texto/pista de sonido o título separado spa
100 ## - ASIENTO PRINCIPAL--NOMBRE PERSONAL
Nombre personal Thiel, Josef Franz,
Término relacionador autor
245 #3 - TÍTULO
Título La antropología cultural y la institucional matrimonial
Mención de responsabilidad / Josef Franz Thiel
520 ## - NOTA DE RESUMEN, ETC.
Nota de sumario, etc. Las perspectivas de la antropología cultural sobre el matrimonio son el foco de este artículo. Esta no es una lista completa de todos los diferentes tipos de matrimonio; se enumera sólo aquellos factores que determinan quién está casado desde una perspectiva antropológica. Considerando que el espacio a nuestra disposición nos permite elegir tanto en términos de los temas tratados como de los grupos étnicos que se estudiaron, principalmente a los pueblos africanos. Para poner esta declaración en un contexto más amplio, también se agrega información sobre los pueblos semíticos y los pastores nómadas tibetanos para comparar.
650 #2 - ASIENTO SECUNDARIO DE MATERIA - TERMINO TEMÁTICO
Término temático o nombre geográfico como elemento de entrada Conciencia (Moral)
9 (RLIN) 927
650 #7 - ASIENTO SECUNDARIO DE MATERIA - TERMINO TEMÁTICO
Término temático o nombre geográfico como elemento de entrada Matrimonio
9 (RLIN) 300
653 ## - TÉRMINO DE INDIZACIÓN - NO CONTROLADO
Término no controlado Matrimonio como institución
773 0# - ASIENTO DE ITEM FUENTE
Biblionumber 49450
Itemnumber 82618
Otro identificador del ítem R2545
Título Revista internacional de teología Concilium
Número de control del registro (CO-MdFUSB)8
Número Internacional Normalizado para Publicaciones Seriadas (ISSN) 0210-1041
Parte(s) relacionada(s) / Volumen., número. (mes año), páginas Número 55, (mayo, 1970), páginas: 169 - 182
Enumeración y primera página página: 169
942 ## - TIPO DE MATERIAL (KOHA)
Tipo de Item KOHA Artículos de Revista
945 ## - INFORMACIÓN LOCAL DEL REGISTRO
Catalogador Catherine Arias Alvarez - Practicante SENA

No hay ítems disponibles.

Biblioteca FUSBC | Teléfono: (57+4) 349 88 10 Ext. 141| WhatsApp (+57) 3005338115 
E-mail: biblioteca@unisbc.edu.co | Calle 76 87-14 Robledo Palenque, Medellín, Colombia

Con tecnología Koha